000 007640000a22002050004500
090 _aAR
_b01222
245 1 0 _aDieta y patrón reproductivo de Rhogeessa minutilla (<Chiroptera: Vespertilionidae>) en una zona árida de Los Andes de Venezuela
650 1 4 _aHábitos alimentarios
_93824
650 1 4 _aReproducción animal
_987770
650 1 4 _aZonas áridas
_93658
650 1 4 _aMurciélagos
_92659
651 4 _lLaguna de Caparú
_dMérida
_pVenezuela
_992749
653 _fVespertilionidae
_gRhogeessa
_fRhogeessa minutilla
041 0 _aEspañol
700 1 _aSoriano M., Pascual J.
_994184
700 1 _aAscencao, Antonio, De
_994491
100 1 _aSosa, Maricela
_994489
942 _cARTICULO
773 1 _tRevista de Biología Tropical
_3129
_h2
_q867-875
_d1996
_g44
999 _c10308
_d10308